[Event "0pen Sesame"]
[Site "SchemingMind.com"]
[Date "2012.10.06"]
[Round "-"]
[White "smothered mate"]
[Black "Holty"]
[Result "1-0"]
[WhiteCountry "POL"]
[BlackCountry "ENG"]
[WhiteElo "2034"]
[WhiteRD "62"]
[BlackElo "1732"]
[BlackRD "58"]
[GameID "318630"]

1. e4 c5 2. c3 d5 3. exd5 Qxd5 4. d4 a6 5. Be3 Nf6 6. Nd2 Nc6 7. dxc5 e5 8. b4 Be7 9. Ngf3 Ng4 10. Bc4 Qd6
11. cxd6 Bxd6 12. Ne4 b5 13. Nxd6+ Ke7 14. Qd5
1-0

[Event "0pen Sesame"]
[Site "SchemingMind.com"]
[Date "2012.10.07"]
[Round "-"]
[White "smothered mate"]
[Black "kubinet"]
[Result "1-0"]
[WhiteCountry "POL"]
[BlackCountry "GER"]
[WhiteElo "1982"]
[WhiteRD "55"]
[BlackElo "1415"]
[BlackRD "50"]
[GameID "318631"]

1. e4 c5 2. Nf3 d6 3. c3 Nf6 4. Be2 Nc6 5. O-O g6 6. d3 Bg7 7. Nbd2 O-O 8. Re1 b5 9. d4 a6 10. d5 Nb8
11. h3 Nbd7 12. a4 Rb8 13. axb5 axb5 14. Qb3 Qb6 15. Qa2 b4 16. Nc4 Qc7 17. Bd3 bxc3 18. bxc3 Nb6 19. Qa5 Qd8 20. Rb1 Nfd7
21. Nxb6 Rxb6 22. Rxb6 Qxb6 23. Qxb6 Nxb6 24. Bd2 Bd7 25. Rb1 Na8 26. Rb7 Rd8 27. c4 Kf8 28. Ba5 Bc8 29. Rb8 Re8 30. Rxa8 Bd7
31. Bd8
1-0

[Event "0pen Sesame"]
[Site "SchemingMind.com"]
[Date "2012.10.04"]
[Round "-"]
[White "e_castle3"]
[Black "smothered mate"]
[Result "1-0"]
[WhiteCountry "PHI"]
[BlackCountry "POL"]
[WhiteElo "1840"]
[WhiteRD "60"]
[BlackElo "2016"]
[BlackRD "53"]
[GameID "318632"]

1. e4 e5 2. Nf3 d6 3. Bc4 c6 4. h3 Nd7 5. d4 Be7 6. dxe5 dxe5 7. O-O h6 8. Re1 Ngf6 9. a3 Qc7 10. Nc3 Nf8
11. b4 g5 12. Re3 Ng6 13. Rd3 g4 14. hxg4 Bxg4 15. Qf1 Nh5 16. Nh2 Bd7 17. Ne2 Bg5 18. g3 Rh7 19. Rb1 O-O-O 20. b5 Rg8
21. Rdb3 Bxc1 22. Qxc1 Ngf4 23. b6 axb6 24. Rxb6 Be6 25. Bd3 f6 26. Rxb7 Qxb7 27. Rxb7 Rxb7 28. Nxf4 Nxf4 29. Ba6 Kc7 30. Kf1 Bh3+
31. Ke1 Ng2+ 32. Ke2 Rb6 33. Qxh6 Bd7 34. Bc4 Rf8 35. Qxf8
1-0

[Event "0pen Sesame"]
[Site "SchemingMind.com"]
[Date "2012.10.03"]
[Round "-"]
[White "keen"]
[Black "smothered mate"]
[Result "0-1"]
[WhiteCountry "SCO"]
[BlackCountry "POL"]
[WhiteElo "1705"]
[WhiteRD "61"]
[BlackElo "2034"]
[BlackRD "62"]
[GameID "318633"]

1. e4 e5 2. Nf3 d6 3. d4 Nd7 4. Nc3 c6 5. Bc4 h6 6. O-O Ngf6 7. h3 Be7 8. Re1 Qc7 9. Qe2 Nf8 10. Be3 g5
11. dxe5 dxe5 12. Rad1 Ng6 13. Rd2 O-O 14. h4 g4 15. Nh2 Kh7 16. h5 Nxh5 17. Nxg4 Nhf4 18. Qf3 Nh4 19. Qg3 Nhxg2 20. Bxf4 Nxf4
21. f3 h5 22. Rh2 Bc5+ 23. Kh1 Bxg4 24. fxg4 b5 25. Be2 Rg8 26. Rf1 Rg5 27. Rh4 Rag8 28. Bf3 Kg7 29. Ne2 Kf8 30. Nxf4 exf4
31. Qh3 Qe5 32. c3 hxg4 33. Rxg4 Rxg4 34. Bxg4 Rh8
0-1

[Event "0pen Sesame"]
[Site "SchemingMind.com"]
[Date "2012.10.07"]
[Round "-"]
[White "emvarela"]
[Black "smothered mate"]
[Result "0-1"]
[WhiteCountry "ARG"]
[BlackCountry "POL"]
[WhiteElo "1757"]
[WhiteRD "48"]
[BlackElo "2016"]
[BlackRD "53"]
[GameID "318634"]

1. e4 e5 2. Nf3 d6 3. d4 Nd7 4. Bc4 c6 5. O-O Be7 6. dxe5 dxe5 7. Ng5 Bxg5 8. Qh5 Nh6 9. Bxg5 Nf6 10. Bxf6 Qxf6
11. Qe2 Be6 12. Bxe6 fxe6 13. Nd2 O-O-O 14. Rad1 Rd7 15. Nf3 Rf7 16. Rd6 g5 17. Rfd1 g4 18. Ne1 Rhf8 19. f3 gxf3 20. Nxf3 Rg8
21. Qc4 Rxg2+ 22. Kh1 Rg6 23. Nxe5 Qxe5 24. Rxc6+ Rc7 25. Rxc7+ Qxc7 26. Qa4 Qc6 27. Qd4 Rg8 28. Re1 Ng4 29. Rg1 Qxe4+
0-1

[Event "0pen Sesame"]
[Site "SchemingMind.com"]
[Date "2012.10.03"]
[Round "-"]
[White "Scooter"]
[Black "smothered mate"]
[Result "1/2-1/2"]
[WhiteCountry "USA"]
[BlackCountry "POL"]
[WhiteElo "1764"]
[WhiteRD "51"]
[BlackElo "2033"]
[BlackRD "57"]
[GameID "318635"]

1. d4 d5 2. Nf3 c5 3. e3 Nc6 4. c3 Nf6 5. Bb5 Qb6 6. Qb3 c4 7. Bxc6+ bxc6 8. Qxb6 axb6 9. Nbd2 Bf5 10. O-O e6
11. Ne5 c5 12. Ndf3 Be7 13. Bd2 Ne4 14. g4 Bg6 15. Nxg6 hxg6 16. Rfd1 f6 17. b3 cxb3 18. axb3 Rxa1 19. Rxa1 Rh3 20. Ra8+ Kf7
21. Kg2 Rxf3 22. Kxf3 Nxd2+ 23. Ke2 Nxb3 24. Rb8 c4 25. Rxb6 f5 26. h3 Kf6 27. g5+ Kf7 28. h4 Nc1+ 29. Kd2 Nb3+ 30. Kc2 Na5
31. f4 Bd8 32. Ra6 Nb3 33. Ra7+ Be7 34. Ra6 Bf8 35. Ra7+ Be7 36. Ra6 Bf8=
1/2-1/2

[Event "0pen Sesame"]
[Site "SchemingMind.com"]
[Date "2012.10.07"]
[Round "-"]
[White "Olli Ylönen"]
[Black "smothered mate"]
[Result "0-1"]
[WhiteCountry "FIN"]
[BlackCountry "POL"]
[WhiteElo "1906"]
[WhiteRD "55"]
[BlackElo "2016"]
[BlackRD "53"]
[GameID "318636"]

1. e4 e5 2. Nf3 d6 3. d4 Nd7 4. Bc4 c6 5. O-O Be7 6. dxe5 dxe5 7. Ng5 Bxg5 8. Qh5 Nh6 9. Bxg5 Nf6 10. Qh4 Be6
11. Bxe6 fxe6 12. Bxh6 gxh6 13. Qxh6 Qe7 14. Nc3 O-O-O 15. a3 Rhg8 16. Rad1 Rdf8 17. h3 Rg6 18. Qd2 Rfg8 19. g3 Nh5 20. Kh1 Qf7
21. Ne2 Qf3+ 22. Kh2 Nf6 23. h4 Rh6 24. Qd6 Rxh4+
0-1

[Event "0pen Sesame"]
[Site "SchemingMind.com"]
[Date "2012.10.03"]
[Round "-"]
[White "kenneth m day"]
[Black "smothered mate"]
[Result "0-1"]
[WhiteCountry "USA"]
[BlackCountry "POL"]
[WhiteElo "1754"]
[WhiteRD "54"]
[BlackElo "2033"]
[BlackRD "57"]
[GameID "318637"]

1. e4 e5 2. Nf3 d6 3. d4 Nd7 4. Bc4 c6 5. O-O Be7 6. dxe5 dxe5 7. Ng5 Bxg5 8. Qh5 Nh6 9. Bxg5 Nf6 10. Qe2 Bg4
11. f3 Be6 12. Bxe6 fxe6 13. c4 Nf7 14. Be3 O-O 15. Nc3 Qc7 16. Rfd1 Rad8 17. b3 Nh5 18. Qf2 b6 19. Qh4 Nf4 20. g3 g5
21. Qg4 h5
0-1

[Event "0pen Sesame"]
[Site "SchemingMind.com"]
[Date "2012.10.07"]
[Round "-"]
[White "Holty"]
[Black "smothered mate"]
[Result "0-1"]
[WhiteCountry "ENG"]
[BlackCountry "POL"]
[WhiteElo "1708"]
[WhiteRD "55"]
[BlackElo "2033"]
[BlackRD "57"]
[GameID "318638"]

1. d4 d5 2. c4 e6 3. Nc3 c5 4. cxd5 exd5 5. Nf3 Nc6 6. a3 Bg4 7. e3 Nf6 8. Be2 c4 9. O-O Be7 10. b3 cxb3
11. Qxb3 Na5 12. Qa4+ Bd7 13. Qc2 Rc8 14. Qd3 O-O 15. Qc2 Ne4 16. Bd2 Bf5 17. Qb2 Nxd2 18. Nxd2 Rc6 19. Bf3 Rb6 20. Qa2 Rh6
21. Qxd5 Qc7 22. Qe5 Qxc3 23. Qxf5 Qxd2 24. Rac1 Nc6 25. Rfd1 Qa5 26. Qd7 Bxa3 27. Ra1 Qb4 28. Rab1 Qd6 29. Qxb7 Qxh2+ 30. Kf1 Rb8
31. Qa6 Rxb1 32. Qd3 Qh1+ 33. Ke2 Qxd1+ 34. Qxd1 Rxd1 35. Kxd1 a5
0-1

[Event "0pen Sesame"]
[Site "SchemingMind.com"]
[Date "2012.10.07"]
[Round "-"]
[White "kubinet"]
[Black "smothered mate"]
[Result "0-1"]
[WhiteCountry "GER"]
[BlackCountry "POL"]
[WhiteElo "1454"]
[WhiteRD "44"]
[BlackElo "2016"]
[BlackRD "53"]
[GameID "318639"]

1. e4 e5 2. Nf3 Nc6 3. Bb5 a6 4. Ba4 Nf6 5. O-O b5 6. Bb3 Be7 7. Re1 O-O 8. c3 d6 9. h3 Na5 10. Bc2 c5
11. d4 cxd4 12. cxd4 Bb7 13. b3 Rc8 14. Bb2 Qc7 15. Bd3 Nc6 16. d5 Nb4 17. Na3 Nxd3 18. Qxd3 Nh5 19. g3 Qd7 20. Kg2 f5
21. Nc2 fxe4 22. Qxe4 Rxc2 23. Bc1 Rc5 24. Rd1 Nf6 25. Qe2 Nxd5 26. Bb2 Rxf3
0-1

[Event "0pen Sesame"]
[Site "SchemingMind.com"]
[Date "2012.10.04"]
[Round "-"]
[White "Shademan"]
[Black "e_castle3"]
[Result "1-0"]
[WhiteCountry "USA"]
[BlackCountry "PHI"]
[WhiteElo "1964"]
[WhiteRD "83"]
[BlackElo "1824"]
[BlackRD "65"]
[GameID "318776"]

1. e4 Nc6 2. Nf3 d6 3. d4 Bg4 4. Bb5 Bd7 5. O-O e6 6. Nc3 a6 7. Bd3 h6 8. Be3 Qe7 9. d5 Nb4 10. Be2 a5
11. a3 Na6 12. e5 g5 13. exd6 Qxd6 14. Qd4 f6 15. Ne4 Qe7 16. dxe6 Bxe6 17. Rad1 Bg7 18. Qa4+ Bd7 19. Bb5 Nb8 20. Bc5 Qe6
21. Rfe1
1-0

[Event "0pen Sesame"]
[Site "SchemingMind.com"]
[Date "2012.10.04"]
[Round "-"]
[White "Shademan"]
[Black "keen"]
[Result "1-0"]
[WhiteCountry "USA"]
[BlackCountry "SCO"]
[WhiteElo "1964"]
[WhiteRD "83"]
[BlackElo "1718"]
[BlackRD "60"]
[GameID "318777"]

1. e4 e6 2. d4 d5 3. Nc3 Nf6 4. e5 Nfd7 5. f4 Bb4 6. Nf3 O-O 7. Be2 c5 8. a3 Ba5 9. O-O Nc6 10. Be3 Bxc3
11. bxc3 c4 12. a4 Qa5 13. Bd2 a6 14. Qc1 Re8 15. Qa3 Qc7 16. a5 Na7 17. Ng5 h6 18. Nh3 Nb5 19. Qb2 Nf8 20. Bf3 Ng6
21. Nf2 Qe7 22. g3 Bd7 23. f5 exf5 24. Bxd5 Be6 25. Bg2 Rad8 26. Rfe1 Qd7 27. Bh3 Qc7 28. Qb4 Nxe5 29. Rxe5 Na7 30. Qb6 Qxb6
31. axb6 Nc6 32. Rc5 Rd5 33. Rxd5 Bxd5 34. Bxf5 Re2 35. Re1
1-0

[Event "0pen Sesame"]
[Site "SchemingMind.com"]
[Date "2012.10.04"]
[Round "-"]
[White "Shademan"]
[Black "smothered mate"]
[Result "1-0"]
[WhiteCountry "USA"]
[BlackCountry "POL"]
[WhiteElo "1964"]
[WhiteRD "83"]
[BlackElo "2033"]
[BlackRD "57"]
[GameID "318778"]

1. e4 e5 2. Nf3 Nf6 3. d4 exd4 4. e5 Bb4+ 5. c3 dxc3 6. bxc3 Ba5 7. exf6 Qxf6 8. Bb5 O-O 9. O-O c6 10. Bg5 Qg6
11. Bd3 f5 12. Be7 Re8 13. Bd6 b5 14. Nh4 Qf6 15. Nxf5 Bxc3 16. Qb3+
1-0

[Event "0pen Sesame"]
[Site "SchemingMind.com"]
[Date "2012.10.04"]
[Round "-"]
[White "Shademan"]
[Black "emvarela"]
[Result "1-0"]
[WhiteCountry "USA"]
[BlackCountry "ARG"]
[WhiteElo "2035"]
[WhiteRD "78"]
[BlackElo "1757"]
[BlackRD "48"]
[GameID "318779"]

1. e4 e5 2. Nf3 Nc6 3. Bc4 Bc5 4. c3 Nf6 5. d4 exd4 6. cxd4 Bb4+ 7. Nc3 Nxe4 8. O-O Bxc3 9. bxc3 d5 10. Bd3 O-O
11. Qc2 Re8 12. Rb1 a6 13. Re1 Bf5 14. Rxb7 Qc8 15. Rb1 Nd6 16. Rxe8+ Qxe8 17. Bxf5 Nxf5 18. Qxf5 Ne7 19. Qe5 c6 20. Ba3 Ng6
21. Qxe8+ Rxe8 22. Rb6
1-0

[Event "0pen Sesame"]
[Site "SchemingMind.com"]
[Date "2012.10.04"]
[Round "-"]
[White "Shademan"]
[Black "Scooter"]
[Result "1-0"]
[WhiteCountry "USA"]
[BlackCountry "USA"]
[WhiteElo "1981"]
[WhiteRD "98"]
[BlackElo "1779"]
[BlackRD "47"]
[GameID "318780"]

1. e4 c6 2. d4 d5 3. Nc3 dxe4 4. Nxe4 Bf5 5. Nc5 b6 6. Nb3 Nf6 7. Nf3 h6 8. Be2 e6 9. O-O Be7 10. Bd3 Bxd3
11. Qxd3 O-O 12. Bf4 Bd6 13. Be5 Bxe5 14. Nxe5 Qc7 15. Qf3 Nfd7 16. Rfe1 Nxe5 17. dxe5 Nd7 18. Qe2 Rfd8 19. f4 c5 20. c4 Nf8
21. Qf3 Rd7 22. Qxa8
1-0

[Event "0pen Sesame"]
[Site "SchemingMind.com"]
[Date "2012.10.08"]
[Round "-"]
[White "Shademan"]
[Black "Olli Ylönen"]
[Result "0-1"]
[WhiteCountry "USA"]
[BlackCountry "FIN"]
[WhiteElo "1964"]
[WhiteRD "83"]
[BlackElo "1893"]
[BlackRD "56"]
[GameID "318781"]

1. e4 e5 2. Nf3 Nc6 3. c3 Nf6 4. d4 exd4 5. e5 Nd5 6. Qb3 Nb6 7. cxd4 d6 8. Bb5 Be6 9. Qc3 Qd7 10. O-O h6
11. exd6 cxd6 12. Re1 a6 13. Bd3 Be7 14. d5 Nxd5 15. Qxg7 Bf6 16. Qg4 O-O-O 17. Qe4 Rdg8 18. Qe2 Ncb4 19. Be4 b5 20. a3 Nc6
21. Qe3 Nxe3 22. Rxe3 Rxg2+ 23. Kxg2 Bh3+ 24. Kh1 Qg4 25. Ng1 Rg8 26. Bf5+ Qxf5 27. Rxh3 Qd5+
0-1

[Event "0pen Sesame"]
[Site "SchemingMind.com"]
[Date "2012.10.04"]
[Round "-"]
[White "Shademan"]
[Black "kenneth m day"]
[Result "1-0"]
[WhiteCountry "USA"]
[BlackCountry "USA"]
[WhiteElo "1964"]
[WhiteRD "83"]
[BlackElo "1754"]
[BlackRD "54"]
[GameID "318782"]

1. e4 e5 2. Nf3 Nc6 3. Bb5 a6 4. Ba4 Bc5 5. O-O b5 6. Bb3 Nf6 7. Nxe5 Nxe5 8. d4 Bxd4 9. Qxd4 d6 10. Bg5 Bb7
11. Nc3 O-O 12. Rad1 Re8 13. f4 Ned7 14. e5 dxe5 15. fxe5 Nxe5 16. Qh4 Qe7 17. Bxf6 gxf6 18. Bd5 c6 19. Ne4 cxd5 20. Nxf6+ Qxf6
21. Qxf6 Rac8 22. Rde1 Rc6 23. Rxe5 Rxf6 24. Rxe8+ Kg7 25. Rxf6 Kxf6 26. Rb8
1-0

[Event "0pen Sesame"]
[Site "SchemingMind.com"]
[Date "2012.10.06"]
[Round "-"]
[White "Shademan"]
[Black "Holty"]
[Result "1-0"]
[WhiteCountry "USA"]
[BlackCountry "ENG"]
[WhiteElo "1964"]
[WhiteRD "83"]
[BlackElo "1708"]
[BlackRD "55"]
[GameID "318783"]

1. e4 c5 2. c3 d5 3. exd5 Qxd5 4. d4 Nf6 5. Nf3 Nc6 6. Be3 Bg4 7. Be2 e6 8. O-O Be7 9. dxc5 Bxc5 10. Qxd5 Nxd5
11. Bxc5 Nf4 12. Bd1 f6 13. h3 Bf5 14. Nd4 Nxd4 15. cxd4 Kf7 16. Bf3 Nd5 17. Nc3 Rhd8 18. Nxd5 exd5 19. Rfe1 b6 20. Re7+ Kg8
21. Ba3 a5 22. Rc1 b5 23. Rc5 b4 24. Bxd5+ Kh8 25. Bxa8 Bb1 26. Rxa5 bxa3 27. Rxa3 h6 28. d5 Kh7 29. Raa7 Rg8 30. d6
1-0

[Event "0pen Sesame"]
[Site "SchemingMind.com"]
[Date "2012.10.09"]
[Round "-"]
[White "Shademan"]
[Black "kubinet"]
[Result "1-0"]
[WhiteCountry "USA"]
[BlackCountry "GER"]
[WhiteElo "1964"]
[WhiteRD "83"]
[BlackElo "1652"]
[BlackRD "55"]
[GameID "318784"]

1. e4 c5 2. Nf3 d6 3. d4 cxd4 4. Nxd4 Nf6 5. Nc3 a6 6. Be2 e5 7. Nf3 Be7 8. O-O O-O 9. Bc4 Be6 10. Qd3 Nbd7
11. Bxe6 fxe6 12. Ng5 Nc5 13. Qh3 Qc8 14. b4 Ncd7 15. Qxe6+
1-0

[Event "0pen Sesame"]
[Site "SchemingMind.com"]
[Date "2012.10.04"]
[Round "-"]
[White "e_castle3"]
[Black "Shademan"]
[Result "0-1"]
[WhiteCountry "PHI"]
[BlackCountry "USA"]
[WhiteElo "1840"]
[WhiteRD "60"]
[BlackElo "2035"]
[BlackRD "78"]
[GameID "318785"]

1. e4 e5 2. Nf3 Nc6 3. Bb5 a6 4. Ba4 Nf6 5. O-O Be7 6. Re1 b5 7. Bb3 d6 8. c3 O-O 9. d4 Bg4 10. h3 Bxf3
11. Qxf3 exd4 12. Bg5 Nd7 13. Bxe7 Qxe7 14. Bd5 Nde5 15. Qd1 dxc3 16. Nxc3 Qd7 17. Rc1 Rac8 18. a3 Nd8 19. Ba2 c6 20. f4 Ng6
21. Qf3 Ne6 22. Ne2 Rfe8 23. f5 Ne5 24. Qg3 Qa7+ 25. Kh1 Nc5 26. Nf4 Qe7 27. Nh5 g6 28. fxg6 hxg6 29. Nf4 Qf6 30. b4 Ncd7
31. Rf1 Qg7 32. Rcd1 Nf6 33. Rfe1 Nc4 34. Bb1 g5 35. Ne2 Nxe4 36. Qf3 Ncd2 37. Qf5 Nxb1 38. Rxb1 Qh7 39. Qf6 Nxf6
0-1

[Event "0pen Sesame"]
[Site "SchemingMind.com"]
[Date "2012.10.04"]
[Round "-"]
[White "keen"]
[Black "Shademan"]
[Result "0-1"]
[WhiteCountry "SCO"]
[BlackCountry "USA"]
[WhiteElo "1705"]
[WhiteRD "61"]
[BlackElo "1981"]
[BlackRD "98"]
[GameID "318786"]

1. c4 e5 2. Nc3 Nf6 3. g3 c6 4. Bg2 d5 5. cxd5 cxd5 6. e3 Nc6 7. Nge2 e4 8. Qb3 Bb4 9. O-O O-O 10. a3 Qa5
11. Ra2 Bd6 12. Rd1 Ne5 13. Nf4 Bg4 14. Re1 Nf3+ 15. Bxf3 Bxf3 16. Nfxd5 Nxd5 17. Nxd5 Qa6 18. Qc3 Rfc8 19. Qd4 Qe2 20. Rf1 Qxf1+
0-1

[Event "0pen Sesame"]
[Site "SchemingMind.com"]
[Date "2012.10.04"]
[Round "-"]
[White "smothered mate"]
[Black "Shademan"]
[Result "0-1"]
[WhiteCountry "POL"]
[BlackCountry "USA"]
[WhiteElo "2016"]
[WhiteRD "53"]
[BlackElo "2035"]
[BlackRD "78"]
[GameID "318787"]

1. e4 e5 2. Nc3 Nf6 3. f4 d5 4. fxe5 Nxe4 5. Nf3 Bc5 6. d4 Bb4 7. Bd2 Nxd2 8. Qxd2 c5 9. a3 Bxc3 10. bxc3 O-O
11. Be2 Nc6 12. O-O Bg4 13. Qf4 Qd7 14. h3 Bh5 15. Rae1 f5 16. Ng5 Bxe2 17. Rxe2 Qe7 18. Qf3 Qxg5 19. Qxd5+ Kh8 20. Qxc5 Qe7
21. Qb5 Qxa3 22. Rf3 Qe7 23. e6 a6 24. Qd3 f4 25. d5 Qc5+ 26. Kh1 Rad8 27. c4 b5 28. Qe4 Ne7 29. Rxf4 Rxf4 30. Qxf4 Qxc4
31. Qf7 Qxe2 32. Qxe7 Qd1+ 33. Kh2 Qxd5 34. Qf7 Qe5+ 35. g3 Qe2+
0-1

[Event "0pen Sesame"]
[Site "SchemingMind.com"]
[Date "2012.10.07"]
[Round "-"]
[White "emvarela"]
[Black "Shademan"]
[Result "0-1"]
[WhiteCountry "ARG"]
[BlackCountry "USA"]
[WhiteElo "1757"]
[WhiteRD "48"]
[BlackElo "2035"]
[BlackRD "78"]
[GameID "318788"]

1. e4 e5 2. Nf3 Nc6 3. Bb5 Nf6 4. O-O d6 5. d4 Be7 6. Re1 O-O 7. Nc3 exd4 8. Nd5 Nxd5 9. Bxc6 bxc6 10. exd5 cxd5
11. Nxd4 Bd7 12. Qf3 c6 13. Nf5 Bxf5 14. Qxf5 Bf6 15. c3 Rb8 16. Re2 Re8 17. Be3 Qa5 18. a3 Qa6 19. Rae1 Re6 20. Qf3 Rbe8
21. Kf1 Re4 22. g3 c5 23. Bd2 d4 24. cxd4 Bxd4
0-1

[Event "0pen Sesame"]
[Site "SchemingMind.com"]
[Date "2012.10.04"]
[Round "-"]
[White "Scooter"]
[Black "Shademan"]
[Result "0-1"]
[WhiteCountry "USA"]
[BlackCountry "USA"]
[WhiteElo "1779"]
[WhiteRD "47"]
[BlackElo "1981"]
[BlackRD "98"]
[GameID "318789"]

1. d4 Nf6 2. Nf3 g6 3. Bf4 Bg7 4. h3 O-O 5. e3 c5 6. c3 b6 7. Nbd2 d6 8. Be2 Nc6 9. O-O Bf5 10. Nh4 Bd7
11. Qc2 e5 12. dxe5 dxe5 13. Bg5 h6 14. Bxf6 Qxf6 15. Nhf3 Rad8 16. Nc4 Qe7 17. Rfd1 e4 18. Nfd2 f5 19. Nf1 Be6 20. Rxd8 Rxd8
21. Rd1 b5 22. Na3 Rxd1 23. Qxd1 a6 24. Nd2 Bxa2 25. b3 c4 26. bxc4 Qxa3 27. cxb5 axb5 28. Bxb5 Qxc3
0-1

[Event "0pen Sesame"]
[Site "SchemingMind.com"]
[Date "2012.10.08"]
[Round "-"]
[White "Olli Ylönen"]
[Black "Shademan"]
[Result "1/2-1/2"]
[WhiteCountry "FIN"]
[BlackCountry "USA"]
[WhiteElo "1893"]
[WhiteRD "56"]
[BlackElo "1964"]
[BlackRD "83"]
[GameID "318790"]

1. e4 e5 2. Nf3 Nc6 3. Bb5 d6 4. d4 Bd7 5. O-O Nxd4 6. Bxd7+ Qxd7 7. Nxd4 exd4 8. Qxd4 Nf6 9. Nc3 Be7 10. Rd1 Qe6
11. Nd5 Nxd5 12. exd5 Qe5 13. Qa4+ Kf8 14. Be3 Bf6 15. Bd4 Qe4 16. f3 Qf4 17. c3 Be5 18. g3 Qxf3 19. Qd7 Bxd4+ 20. Rxd4 Qe3+
21. Kh1 Qe7 22. Qxe7+ Kxe7 23. Re1+=
1/2-1/2

[Event "0pen Sesame"]
[Site "SchemingMind.com"]
[Date "2012.10.04"]
[Round "-"]
[White "kenneth m day"]
[Black "Shademan"]
[Result "0-1"]
[WhiteCountry "USA"]
[BlackCountry "USA"]
[WhiteElo "1752"]
[WhiteRD "52"]
[BlackElo "2035"]
[BlackRD "78"]
[GameID "318791"]

1. e4 Nf6 2. e5 Nd5 3. d4 d6 4. c4 Nb6 5. f4 dxe5 6. fxe5 Bf5 7. Nc3 e6 8. Be3 Nc6 9. Nf3 Nb4 10. Kf2 Nc2
11. Rc1 Nxe3 12. Kxe3 Be7 13. Ne4 Bxe4 14. Kxe4 Bg5 15. Rc2 O-O 16. h4 f5+ 17. exf6 Bxf6 18. Be2 Qe7 19. Kd3 c5 20. Kd2 cxd4
21. Kc1 Rad8 22. Bd3 Nd7 23. g4 Ne5 24. Nxe5 Bxe5 25. Re2 Bf4+ 26. Kb1 g6 27. g5 Bg3 28. Rh3 Bc7 29. Qg1 Qf7 30. h5 gxh5
31. Re4 e5 32. Reh4 e4 33. Rxe4 Rd6 34. Reh4 Qf2 35. Qxf2 Rxf2 36. Rxh5 Rb6 37. b3 Re6 38. Rh1 Re3 39. Bxh7+ Kf8 40. Bg6 Ree2
41. Bd3 Rb2+ 42. Kc1 Bf4+ 43. Kd1 Rfd2+ 44. Kc1 Rdc2+
0-1

[Event "0pen Sesame"]
[Site "SchemingMind.com"]
[Date "2012.10.07"]
[Round "-"]
[White "Holty"]
[Black "Shademan"]
[Result "0-1"]
[WhiteCountry "ENG"]
[BlackCountry "USA"]
[WhiteElo "1708"]
[WhiteRD "55"]
[BlackElo "1964"]
[BlackRD "83"]
[GameID "318792"]

1. d4 Nf6 2. c4 e5 3. dxe5 Ng4 4. Nf3 Bc5 5. e3 Nc6 6. Be2 Ngxe5 7. a3 Nxf3+ 8. Bxf3 O-O 9. O-O Ne5 10. Be2 d6
11. Nc3 Bf5 12. b4 Bb6 13. Nd5 Re8 14. a4 c6 15. Nf4 a5 16. b5 cxb5 17. cxb5 Rc8 18. Bb2 Rc2 19. Bxe5 dxe5 20. Bd3 Rc5
21. Bxf5 exf4 22. Qxd8 Bxd8 23. Bd3 fxe3 24. fxe3 Rxe3 25. Rad1 Bb6 26. Kh1 Rc3 27. Bb1 Rc4 28. Bd3 Rxa4 29. Rc1 Rxd3 30. Rfe1 Kf8
31. h3 Rb4 32. Rc8+ Rd8 33. Rxd8+ Bxd8 34. Rc1 Rxb5 35. Rc8 Rb1+ 36. Kh2 Ke7
0-1

[Event "0pen Sesame"]
[Site "SchemingMind.com"]
[Date "2012.10.09"]
[Round "-"]
[White "kubinet"]
[Black "Shademan"]
[Result "0-1"]
[WhiteCountry "GER"]
[BlackCountry "USA"]
[WhiteElo "1454"]
[WhiteRD "44"]
[BlackElo "2035"]
[BlackRD "78"]
[GameID "318793"]

1. e4 e5 2. Nf3 Nc6 3. Bb5 a6 4. Ba4 b5 5. Bb3 Nf6 6. O-O Bb7 7. c3 Nxe4 8. d4 Be7 9. Re1 d5 10. dxe5 Na5
11. Bc2 O-O 12. Nbd2 c5 13. Nxe4 dxe4 14. Qxd8 Raxd8 15. Bxe4 Bxe4 16. Rxe4 Rd1+ 17. Re1 Rxe1+ 18. Nxe1 Nc4 19. b3 Nxe5 20. Bf4 Ng6
21. Be3 Rd8 22. Rc1 Ne5 23. Kf1 c4 24. Bd4 Bd6 25. g3 f5 26. f4 Ba3 27. Rd1 Ng4 28. Kg2 Ne3+
0-1